Almanach kultúrneho dedičstva

Salvato in:
Dettagli Bibliografici
Autore principale: Baxa, Peter (Autore)
Natura: Libro
Pubblicazione: Bratislava : D-D študio, 2000
Tags: Aggiungi Tag
Nessun Tag, puoi essere il primo ad aggiungerne!!

MARC

LEADER 00000nam a22000003a 4500
001 stu141955
005 20150617225926.8
008 070531s2000----------------------------d
040 |a STU  |b slo 
041 0
100 1 |a Baxa, Peter  |4 aut 
245 1 |a Almanach kultúrneho dedičstva 
260 |a Bratislava :  |b D-D študio,  |c 2000 
300 |a 80 s 
996 |c A*3522  |l AA3130  |s P  |a 0  |w stu141955_0001